=LDR 00000nam 2200000 4500 =001 INLIS000000000036250 =005 20251210014236 =035 ##$$a 0010-061300000036250 =008 251210###########################0#ind## =041 ##$$a Ind =082 ##$$a 028.5 =090 ##$$a F Rom K, Mau p =100 ##$$a Mauricet =245 1#$$a Patroli kosmik 2, /$c Maricet ; alih bahasa, Rini Nurul Badariah ; penyunting, Ine Mariana K =260 ##$$a Jakarta :$b Gramedia,$c 2010 =300 ##$$a 47 hlm, : $b ilus ; $c 25 cm =650 #4$$a Fiksi kartun =850 ##$$a NBPNMAT =084 ##$$a 028.5 MAU p =990 ##$$a 0001/BPAP-NTB/20142014 =990 ##$$a 3121231212